000 00461nam a2200169Ia 4500
005 20250326123447.0
008 250326s9999 xx 000 0 und d
037 _aTextbook
040 _aFMSL
_beng
_cFMSL
041 _aeng
_2eng
084 _aX8(A) M01
_qFMSL
245 0 _aInformation sources on industrial training
260 _aNew York
_bNew York, United Nations
300 _a115p
942 _cTB
_hX8(A) M01
999 _c1269456
_d1269456